ARRUPE JESUIT UNIVERSITY

CORONAVIRUS -STOP THE SPREAD - CLEAN,DISINFECT,COVER

The encyclopedia of world religions / (Record no. 131616)

MARC details
000 -LEADER
fixed length control field 01225cam a22003494a 4500
001 - CONTROL NUMBER
control field 14190932
003 - CONTROL NUMBER IDENTIFIER
control field ARRUPE
005 - DATE AND TIME OF LATEST TRANSACTION
control field 20221130113040.0
008 - FIXED-LENGTH DATA ELEMENTS--GENERAL INFORMATION
fixed length control field 051206s2007 nyuab be 001 0 eng
010 ## - LIBRARY OF CONGRESS CONTROL NUMBER
LC control number 2005056750
015 ## - NATIONAL BIBLIOGRAPHY NUMBER
National bibliography number GBA680791
Source bnb
016 7# - NATIONAL BIBLIOGRAPHIC AGENCY CONTROL NUMBER
Record control number 013558086
Source Uk
020 ## - INTERNATIONAL STANDARD BOOK NUMBER
International Standard Book Number 0816061416 (alk. paper)
028 ## - PUBLISHER NUMBER
Source Arrupe
035 ## - SYSTEM CONTROL NUMBER
System control number (OCoLC)ocm62593733
040 ## - CATALOGING SOURCE
Original cataloging agency DLC
Transcribing agency DLC
Modifying agency DLC
042 ## - AUTHENTICATION CODE
Authentication code pcc
050 00 - LIBRARY OF CONGRESS CALL NUMBER
Classification number BL80.3
Item number .E54 2006
082 00 - DEWEY DECIMAL CLASSIFICATION NUMBER
Classification number 200.3
Edition number 23
300 ## - PHYSICAL DESCRIPTION
Other physical details ill., maps ;
Dimensions 24 cm.
245 04 - TITLE STATEMENT
Title The encyclopedia of world religions /
Statement of responsibility, etc Robert S. Ellwood, general editor ; Gregory D. Alles, associate editor.
250 ## - EDITION STATEMENT
Edition statement Rev. ed.
260 ## - PUBLICATION, DISTRIBUTION, ETC. (IMPRINT)
Place of publication, distribution, etc New York :
Name of publisher, distributor, etc Facts on File,
Date of publication, distribution, etc c2007.
300 ## - PHYSICAL DESCRIPTION
Extent xii, 514 p. :
440 #0 - SERIES STATEMENT/ADDED ENTRY--TITLE
Title Facts on File library of religion and mythology
9 (RLIN) 52155
504 ## - BIBLIOGRAPHY, ETC. NOTE
Bibliography, etc Includes bibliographical references (p. 496-498) and index.
650 #0 - SUBJECT ADDED ENTRY--TOPICAL TERM
Topical term or geographic name as entry element Religions
Form subdivision Encyclopedias.
9 (RLIN) 52156
700 1# - ADDED ENTRY--PERSONAL NAME
Personal name Ellwood, Robert S.,
Dates associated with a name 1933-
9 (RLIN) 52157
700 1# - ADDED ENTRY--PERSONAL NAME
Personal name Alles, Gregory D.
9 (RLIN) 52158
906 ## - LOCAL DATA ELEMENT F, LDF (RLIN)
a 7
b cbc
c orignew
d 1
e ocip
f 20
g y-gencatlg
942 ## - ADDED ENTRY ELEMENTS (KOHA)
Source of classification or shelving scheme Library of Congress Classification
Koha item type REFERENCE
Holdings
Withdrawn status Lost status Source of classification or shelving scheme Damaged status Not for loan Home library Current library Shelving location Date acquired Total Checkouts Full call number Barcode Date last seen Price effective from Koha item type
    Library of Congress Classification     ARRUPE LIBRARY ARRUPE LIBRARY REFERENCE 30/11/2022   BL80.3 .E54 2006 46700000185 30/11/2022 30/11/2022 REFERENCE

 

Arrupe Library. PO Box MP320 Mt Pleasant, Harare, Zimbabwe
263 242 745411|librarian@aju.ac.zw